After hegemony : cooperation and discord in the world political economy

Αποθηκεύτηκε σε:
Λεπτομέρειες βιβλιογραφικής εγγραφής
Κύριος συγγραφέας: Keohane, Robert O.
Μορφή: Βιβλίο
Γλώσσα:English
Δημοσίευση: Princeton, New Jersey : Princeton University Press, 1984
Θέματα:
Ετικέτες: Προσθήκη ετικέτας
Δεν υπάρχουν, Καταχωρήστε ετικέτα πρώτοι!

MARC

LEADER 00000nam a2200000 i 4500
001 1/87941
008 990805s1984 eng d
020 |a 0-691-02228-3 
035 |l 10052414 
040 |a GR-MY-UA  |b gre  |e aacr 
041 0 |a eng 
082 0 |a 337 
100 1 |a Keohane, Robert O. 
245 1 0 |a After hegemony :  |b cooperation and discord in the world political economy /  |c Robert O. Keohane 
260 |a Princeton, New Jersey :   |b Princeton University Press,   |c 1984 
300 |a 290 p. 
650 0 0 |a International economic relations. 
650 0 0 |a World politics  |y 1945- 
852 |a INST  |b RHODES  |e 19990805  |h 337 KEO  |p 005400011860  |q 005400011860  |t BK  |y 0 
901 |a BIBL4-1999-2 
909 |a Ρ  |b 066667 
922 |a 4ΕΛΗ  |b 199907  |c ΚΠΣ/124  |d LEADER 
970 |z 1999/08/05  |a ΚΟΥΛΑΚΙΟΤΗ  |b ΛΙΤΣΑ